Attitudes Towards Counselling and Psychotherapy and the Experience of Individual Psychotherapy in the Community - Based Centre in a Residential Area in Greece./An Interpretative Phenomenological Approach. (Record no. 8733)
[ view plain ]
| 000 -LEADER | |
|---|---|
| fixed length control field | 01096cam a22001814a 4500 |
| 005 - ΗΜΕΡΟΜΗΝΙΑ ΚΑΙ ΩΡΑ ΤΕΛΕΥΤΑΙΑΣ ΕΝΗΜΕΡΩΣΗΣ | |
| Πεδίο ελέγχου | 20250605164344.0 |
| 008 - FIXED-LENGTH DATA ELEMENTS--GENERAL INFORMATION | |
| Πεδίο ελέγχου σταθερού μήκους | 250528s ||||||||||||||||||||||||d |
| 035 ## - SYSTEM CONTROL NUMBER | |
| System control number | 23798 |
| 040 ## - ΠΗΓΗ ΚΑΤΑΛΟΓΟΓΡΑΦΗΣΗΣ | |
| Φορέας πρωτότυπης καταλογογράφησης | MC Athens Campus Library |
| Γλώσσα καταλογογράφησης | Ελληνικά, Μοντέρνα (1453-) |
| Modifying agency | MC Athens Campus Library |
| Κανόνες περιγραφικής καταλογογράφησης | AACR2 |
| 245 1# - ΤΙΤΛΟΣ ΚΑΙ ΔΗΛΩΣΗ ΥΠΕΥΘΥΝΟΤΗΤΑΣ | |
| Τίτλος | Attitudes Towards Counselling and Psychotherapy and the Experience of Individual Psychotherapy in the Community - Based Centre in a Residential Area in Greece./An Interpretative Phenomenological Approach. |
| 260 ## - PUBLICATION, DISTRIBUTION, ETC. | |
| Date of publication, distribution, etc. | 2014 |
| 300 ## - PHYSICAL DESCRIPTION | |
| Extent | 105 |
| 520 ## - SUMMARY, ETC. | |
| Summary, etc. | Introduction, Seeking Psychological Help, Avoidanxe Factors, Approach Factors, the Experience of Individual Psychotherapy, Research in Greece and the Community Centre, Research in Greece, the Community Centre and Brief Psychotherapy, Methodology, Research Question, Method, Sample, Data Collection, Data Analysis, Ethical Considerations, Validity, Analysis, Before the Therapy - Approach/Avoidance Factors, the Experience of Therapy, Reflexion After Therapy, Discussion, Conclusions, References. |
| 700 1# - ΠΡΟΣΘΕΤΗ ΑΝΑΓΡΑΦΗ--ΦΥΣΙΚΟ ΠΡΟΣΩΠΟ | |
| Personal name | Kyriazi - Lalovska Daniella |
| 9 (RLIN) | 9328 |
| 942 ## - ADDED ENTRY ELEMENTS (KOHA) | |
| Koha item type | Διπλωματική εργασία |
| Τύπος τεκμηρίου | Βιβλιοθήκη | Τρέχουσα τοποθεσία | Barcode | Ημερομηνία απόκτησης | Ταξιθετικό σύμβολο | Αριθμός αντιτύπου | Κατάσταση απόσυρσης | Κατάσταση χαμένου | Κατάσταση κατεστραμμένου | Μη δανεισμός | Σύνολο δανεισμών | Ημερομηνία τελευταίας εμφάνισης | Η τιμή ισχύει από |
|---|---|---|---|---|---|---|---|---|---|---|---|---|---|
| Διπλωματική εργασία | MC Athens Campus Library | MC Athens Campus Library | 9780000087324 | 05/06/2025 | PSY 2014 (9) | 1 | 05/06/2025 | 05/06/2025 |